书目信息 |
| 题名: |
科举百年
|
|
| 作者: | ;于崇宇 编 ;新京报 主编 | |
| 分册: | ||
| 出版信息: | 北京 同心出版社 2006 |
|
| 页数: | 318页 | |
| 开本: | 25cm | |
| 丛书名: | 新京报丛书 | |
| 单 册: | ||
| 中图分类: | D691.3 | |
| 科图分类: | ||
| 主题词: | 科举制度--研究--中国 | |
| 电子资源: | ||
| ISBN: | 7-80716-034-9 | |
| 000 | 01085oam2 2200265 450 | |
| 001 | 012006011312 | |
| 005 | 20070108151322.01 | |
| 010 | @a7-80716-034-9@dCNY35.00 | |
| 100 | @a20060306d2006 em y0chiy0110 ea | |
| 101 | 0 | @achi |
| 102 | @aCN@b110000 | |
| 105 | @aak z 000yy | |
| 200 | 1 | @a科举百年@9ke ju bai nian@e科举·现代教育与文官制度的历史审察@f《新京报》主编@g于崇宇[等]编 |
| 210 | @a北京@c同心出版社@d2006 | |
| 215 | @a318页@c图,照片@d25cm | |
| 225 | 2 | @a新京报丛书 |
| 330 | @a本书从科举的历史、科举与现代教育、科举制度与现代文官制度、科举与国学、科举废除百年省思等角度入手,就“科举的演变历史怎样?出产了哪些典型人物?”等,联系中国现代教育、官员任免与社会现实,进行了整理、观察、反思。并配有珍贵历史价值的老照片。 | |
| 461 | 0 | @12001 @a新京报丛书 |
| 517 | 1 | @a科举·现代教育与文官制度的历史审察@9ke ju· xian dai jiao yu yu wen guan zhi du de li shi shen cha |
| 606 | 0 | @a科举制度@x研究@y中国 |
| 690 | @aD691.3@v4 | |
| 702 | 0 | @a于崇宇@9yu chong yu@4编 |
| 711 | 02 | @a新京报@9xin jing bao@4主编 |
| 801 | 0 | @aCN@bRENTIAN@c20070108 |
| 905 | @a10447@dD691.3@e110 | |
| 科举百年:科举·现代教育与文官制度的历史审察/《新京报》主编/于崇宇[等]编.-北京:同心出版社,2006 |
| 318页:图,照片;25cm.-(新京报丛书) |
| ISBN 7-80716-034-9:CNY35.00 |
| 本书从科举的历史、科举与现代教育、科举制度与现代文官制度、科举与国学、科举废除百年省思等角度入手,就“科举的演变历史怎样?出产了哪些典型人物?”等,联系中国现代教育、官员任免与社会现实,进行了整理、观察、反思。并配有珍贵历史价值的老照片。 |
| ● |
| 相关链接 |
|
|
|
|
正题名:科举百年
索取号:D691.3/110
 
预约/预借
| 序号 | 登录号 | 条形码 | 馆藏地/架位号 | 状态 | 备注 |
| 1 | 0391806 | 203918065 | 第一样本阅览室/ [索取号:D691.3/110] | 在馆 | |
| 2 | 0391807 | 203918074 | 第一借阅区/ [索取号:D691.3/110] | 在馆 | |
| 3 | 0391808 | 203918083 | 第一借阅区/ [索取号:D691.3/110] | 在馆 | |
| 4 | 0391809 | 203918092 | 第一借阅区/ [索取号:D691.3/110] | 在馆 | |
| 5 | 0391810 | 203918109 | 第一借阅区/ [索取号:D691.3/110] | 在馆 | |
| 6 | 0605774 | 206057746 | 第一借阅区/ [索取号:D691.3/110] | 在馆 | |
| 7 | 0605775 | 206057755 | 第一借阅区/ [索取号:D691.3/110] | 在馆 | |
| 8 | 0605776 | 206057764 | 第一借阅区/ [索取号:D691.3/110] | 在馆 | |
| 9 | 0605777 | 206057773 | 第一借阅区/ [索取号:D691.3/110] | 在馆 | |
| 10 | 0605778 | 206057782 | 第一借阅区/ [索取号:D691.3/110] | 在馆 |